12 bài học EQ mẹ cần dạy trẻ
Guardado en:
| Autor principal: | |
|---|---|
| Otros Autores: | |
| Formato: | Libro |
| Lenguaje: | Vietnamese |
| Publicado: |
Hà Nội
Văn hóa thông tin
2015
|
| Materias: | |
| Etiquetas: |
Agregar Etiqueta
Sin Etiquetas, Sea el primero en etiquetar este registro!
|
| Thư viện lưu trữ: | Trung tâm Học liệu Lê Vũ Hùng, Trường Đại học Đồng Tháp |
|---|
| LEADER | 00826pam a22002658a 4500 | ||
|---|---|---|---|
| 001 | 00040463 | ||
| 005 | 20171129141143.0 | ||
| 008 | 141029s2013 ||||||viesd | ||
| 020 | # | # | |c 99000 |a 978 604 50 4194 9 |
| 041 | 0 | # | |a vie |
| 082 | 1 | 4 | |a 649 |b M558H |
| 100 | 1 | # | |a Tống, Dự Thư |
| 245 | 1 | 0 | |a 12 bài học EQ mẹ cần dạy trẻ |c Tống Dự Thư; Tuệ Văn (dịch) |
| 260 | # | # | |a Hà Nội |b Văn hóa thông tin |c 2015 |
| 300 | # | # | |a 363 tr. |c 24 cm. |
| 653 | # | # | |a Bài học |
| 653 | # | # | |a Trẻ em |
| 653 | # | # | |a Thông minh |
| 653 | # | # | |a Hiệu quả |
| 653 | # | # | |a Nuôi dạy |
| 653 | # | # | |a Phương pháp |
| 700 | 1 | # | |a Tuệ Văn |e Dịch |
| 852 | # | # | |j KD.0022555 |
| 910 | |d 29/11/2017 | ||
| 980 | # | # | |a Trung tâm Học liệu Lê Vũ Hùng, Trường Đại học Đồng Tháp |